[Event "Chesscup Rapid 2020"]
[Site "Katowice"]
[Date "2020.09.13"]
[Round "8.4"]
[White "Sadzikowski, Daniel"]
[Black "Janik, Igor"]
[Result "1/2-1/2"]
[WhiteElo "2527"]
[BlackElo "2470"]
[Annotator "TA"]
[PlyCount "55"]
[EventDate "2020.09.12"]
[EventType "swiss"]
[EventCountry "POL"]
[SourceTitle "playchess.com"]
[Source "ChessBase"]
[SourceQuality "1"]

{[%evp 21,55,11,23,18,24,29,44,47,20,-52,-44,-44,-45,-44,-45,-39,-31,-36,-25,-17,18,33,30,28,24,19,91,97,81,54,60,71,162,174,162,168]} 1. d4 d5 2. Nf3 Nf6 3. c4 dxc4 4. e3 e6 5. Bxc4 a6 6. O-O b5 7. Be2 Bb7 8. a4 b4 9. b3 Nbd7 10. Bb2 c5 11. Nbd2 Be7 12. Rc1 {D27: Queen's Gambit Accepted: Classical main line: 7 e4!? and 7 a4.} O-O 13. dxc5 Nxc5 14. Bxf6 {White is slightly better.} gxf6 {[#]} 15. Bc4 $146 (15. Nd4 $11) ({Predecessor:} 15. Nd4 Rc8 16. Bf3 Bd5 17. Qe2 f5 18. Bxd5 Qxd5 19. Rc4 Qb7 20. Rfc1 Rfd8 21. Qf3 {1-0 (52) Xiang,Z (2427)-Peng,X (2459) China 2019}) 15... f5 $15 16. Qe2 Bf6 17. Rfd1 Qe7 18. Ne1 Kh8 19. Nd3 {Threatening Nxc5.} Rg8 20. g3 {next Nxc5 is good for White.} Bc3 21. Nxc5 $1 Qxc5 22. Nb1 Qc6 {[%csl Gb7][%cal Rc6h1] [#]} 23. e4 Rad8 (23... Rgd8 $11) 24. Nxc3 $16 bxc3 25. Qe3 Rxd1+ ({Not} 25... Qxe4 $2 26. Qxc3+ e5 27. f3 $18) 26. Rxd1 c2 {[#]} ({Don't blunder} 26... Qxe4 $2 27. Qxc3+ e5 28. f3 $18) (26... Rc8 $16 {was necessary.}) 27. Qc3+ $1 $18 e5 28. Qxc2 {Accuracy: White = 88%, Black = 64%.} 1/2-1/2

[Event "Chesscup Rapid 2020"]
[Site "Katowice"]
[Date "2020.09.13"]
[Round "8.5"]
[White "Klekowski, Maciej"]
[Black "Lewicki, Miroslaw"]
[Result "0-1"]
[WhiteElo "2511"]
[BlackElo "2348"]
[Annotator "TA"]
[PlyCount "88"]
[EventDate "2020.09.12"]
[EventType "swiss"]
[EventCountry "POL"]
[SourceTitle "playchess.com"]
[Source "ChessBase"]
[SourceQuality "1"]

{[%evp 15,88,18,29,24,35,22,53,1,61,1,26,-7,20,0,23,30,52,56,95,24,66,54,77,9,26,0,101,109,256,253,250,262,271,261,357,291,286,281,270,279,268,224,264,58,65,58,195,170,114,-38,0,0,5,8,8,16,17,17,16,16,37,35,51,17,31,51,108,0,12,0,0,-515,-183,-29991,-29992]} 1. c4 Nf6 2. Nc3 e5 3. g3 g6 4. Bg2 Bg7 5. e4 O-O 6. Nge2 c5 7. O-O Nc6 8. d3 d6 9. a3 {A36: Symmetrical English vs ...g6: 4 Bg2 Bg7.} b6 {[#]} 10. f4 $146 ({Predecessor:} 10. Rb1 Bd7 11. Nd5 Nxd5 12. cxd5 Nd4 13. Nxd4 cxd4 14. f4 exf4 15. Bxf4 Rc8 16. Bxd6 Re8 17. Bf4 f5 18. Qd2 Rc5 19. Rbc1 Rc8 20. Rxc8 Bxc8 21. Rc1 Bd7 22. Re1 {1-0 (22) Sach,T (1893)-Buzek,I (1487) Tabor 2010}) 10... Bb7 11. h3 ({White should try} 11. f5 $14) 11... Qd7 (11... exf4 $11 12. Bxf4 Ne8) 12. g4 (12. f5 $14) 12... exf4 $11 13. Bxf4 Rae8 14. Qd2 Kh8 15. Rf2 Ne5 16. Raf1 {Strongly threatening Bxe5.} Ng8 17. Nd5 (17. b3 $16) 17... Bxd5 18. cxd5 f5 19. gxf5 (19. d4 $16) 19... gxf5 20. Ng3 Ne7 (20... fxe4 $1 $11 21. Nxe4 Ng6) 21. Nh5 $1 $16 {[%cal Rh5g7]} Rg8 (21... Ng8 $16 22. b3 Qf7) 22. Bg5 $18 {[%cal Re4f5]} fxe4 23. dxe4 N7g6 24. Nf6 Qa4 25. Qe2 {Black must now prevent Nxh7!} (25. Nxg8 Rxg8 26. Qe2 Qc4 $18) ({Resist} 25. Nxe8 Qxe8 26. Rf6 Qb5 $18) 25... Rgf8 26. Nxe8 Qxe8 27. h4 Rxf2 28. Rxf2 h6 29. Bf6 $2 (29. Qh5 $18 Qc8 30. Bxh6) 29... Bxf6 $14 30. Rxf6 {Qf1 is the strong threat.} Qe7 {[#]} (30... Qd8 $14 31. Rf1 Qxh4) 31. Re6 $1 $18 {[%cal Re6e7]} Qxh4 {[#] White should prevent ...Nf4!} 32. Rxd6 $2 ({White has to play} 32. Qf2 $1 $16 {[%cal Rf2h4] aiming for Qxh4.} Qg5 33. Qf6+ (33. Rxd6 Nf4 $11) 33... Qxf6 34. Rxf6) 32... Nf4 $15 33. Qf2 $1 {[%cal Rf2h4]} Qg4 {Threatens to win with ...Nh3+.} 34. Rxh6+ Kg7 $132 {[%mdl 2048] Black is not keeping still} 35. Rh4 Nf3+ $1 36. Qxf3 Qxh4 37. Kf1 Ng6 38. Ke2 Ne5 39. Qf2 Qg4+ 40. Kd2 Qg5+ ({Better is} 40... a5 $14) 41. Ke2 ({Only move:} 41. Kc2 $16) 41... c4 42. Kd1 Nd3 {( -> ...Qc1+)} 43. Qd4+ $2 {[%mdl 8192]} (43. Qd2 $11 {and White is okay.} Qg3 44. Bf1 Qf3+ 45. Qe2) 43... Kf7 $2 (43... Kg6 44. Bh3 Qc1+ 45. Ke2 Nf4+ {[%mdl 64] Double Attack} 46. Kf3 Nxh3) 44. Qxc4 $2 (44. Bh3 $19) 44... Nxb2+ {[%mdl 64] Double Attack. What a bad dream for White. Accuracy: White = 56%, Black = 54%.} 0-1

[Event "Chesscup Rapid 2020"]
[Site "Katowice"]
[Date "2020.09.13"]
[Round "8.6"]
[White "Koziak, Vitali"]
[Black "Jakubowski, Krzysztof"]
[Result "0-1"]
[WhiteElo "2434"]
[BlackElo "2481"]
[Annotator "TA"]
[PlyCount "67"]
[EventDate "2020.09.12"]
[EventType "swiss"]
[EventCountry "POL"]
[SourceTitle "playchess.com"]
[Source "ChessBase"]
[SourceQuality "1"]

{[%evp 16,67,6,-12,33,25,44,7,25,0,60,60,60,77,70,60,66,45,50,20,56,30,54,0,0,0,42,39,53,8,111,102,102,113,85,76,88,68,219,66,17,-107,-97,-83,-93,-82,-113,-77,56,51,47,-5265,-1657,-5502]} 1. d4 Nf6 2. c4 e6 3. Nf3 b6 4. a3 Bb7 5. Nc3 g6 6. d5 exd5 7. cxd5 Bg7 8. g3 O-O 9. Bg2 a5 {E12: Queen's Indian: Unusual White 4th moves, 4 a3, 4 Nc3 Bb7 5 a3 and 4 Nc3 Bb7 .} 10. O-O {[#]} Re8 $146 ({Predecessor:} 10... Na6 11. Be3 d6 12. Rc1 Re8 13. Bd4 Bh6 14. Bxf6 Qxf6 15. e3 Qd8 16. Nd4 Qd7 17. Ncb5 Bg7 18. b3 Nc5 19. Re1 Ba6 {½-½ (19) Almeida Quintana,O (2538)-Corrales Jimenez,F (2578) Merida 2011}) 11. Bf4 Na6 {The position is equal.} 12. Rc1 Ne4 ({Black should play} 12... Rc8 $11) 13. Nxe4 $14 Rxe4 14. d6 $1 {[%cal Rd6c7]} c6 15. Ng5 $1 {[%cal Rg5e4]} Re8 $1 16. Qb3 Rf8 $1 17. e4 Rb8 18. e5 Nc5 $1 {[%cal Rc5b3]} 19. Qc2 (19. Qe3 $1 $14) 19... Ba6 $11 20. Rfd1 h6 21. Nf3 $36 {[%mdl 2048] White is more active.} Ne6 22. h4 g5 (22... c5 $11 {keeps the balance.}) 23. hxg5 hxg5 24. Be3 f5 {With the idea ...f4.} 25. exf6 Qxf6 26. Nd4 Rbe8 $2 {[#]} (26... Nxd4 $14 27. Rxd4 (27. Bxd4 Qh6 $11) 27... Qf5) 27. b4 $2 {[#]} (27. Nxc6 $1 $18 {[%mdl 512] Strongly threatening Ne7+.} dxc6 28. d7) 27... Nf4 $1 $14 {[%mdl 512]} 28. b5 ({But not} 28. gxf4 gxf4 29. Qa2+ Rf7 $15) (28. Bf3 $11) 28... Nxg2 $17 29. Kxg2 cxb5 30. Qb3+ Rf7 {Threatens to win with ...Bb7+.} 31. Rc7 {[#]} Rxe3 ({Don't play} 31... Qxd6 32. Nxb5 Qe6 33. Qxe6 $11) (31... a4 $1 $17 {[%cal Ra4b3]} 32. Qd5 b4) 32. Qxe3 $14 {aiming for Nc6!} (32. fxe3 $2 Qf2+ 33. Kh1 Qxg3 $19) 32... Qxd6 33. Nxb5 $2 {[%mdl 8192]} (33. Ra7 $14 Qd5+ 34. f3) 33... Qxd1 $19 34. Qe8+ {Accuracy: White = 56%, Black = 66%.} 0-1

[Event "Chesscup Rapid 2020"]
[Site "Katowice"]
[Date "2020.09.13"]
[Round "8.7"]
[White "Krasenkow, Michal"]
[Black "Golubka, Petro"]
[Result "1/2-1/2"]
[WhiteElo "2605"]
[BlackElo "2488"]
[Annotator "TA"]
[PlyCount "94"]
[EventDate "2020.09.12"]
[EventType "swiss"]
[EventCountry "POL"]
[SourceTitle "playchess.com"]
[Source "ChessBase"]
[SourceQuality "1"]

{[%evp 9,94,54,60,57,77,81,67,65,68,34,38,27,42,0,0,0,0,0,26,0,0,0,0,-10,-16,-10,29,20,37,0,0,0,0,0,0,0,0,0,0,-6,-7,-47,-54,-62,-50,-66,-8,-8,0,0,0,-18,0,0,0,0,0,-8,0,0,0,0,0,0,0,-95,-94,-153,-174,-147,-15,-18,-21,-21,-8,-21,-22,-40,-47,-54,0,0,0,0,0,0,0]} 1. Nf3 b6 2. e4 Bb7 3. Nc3 g6 4. d4 Bg7 5. Bc4 e6 6. h4 {B00: Queen's Fianchetto Defence, Nimzowitsch Defence.} h6 7. Bf4 d6 {[#]} 8. Qe2 $146 {White is slightly better.} ({Predecessor:} 8. a4 Ne7 9. Qd2 a6 10. O-O Nd7 11. Rfe1 Nf6 12. Bd3 Kf8 13. Ra3 Kg8 14. Nd1 {0-1 (44) Matta,V (2227)-Epishin,V (2571) Sitges 2016}) 8... a6 9. a4 Ne7 10. O-O-O Nd7 11. Qe3 Nf6 12. Kb1 d5 13. exd5 Nexd5 (13... b5 {looks sharper.} 14. dxe6 bxc4 15. exf7+ Kxf7 16. Ne5+ Kg8) 14. Nxd5 Bxd5 15. Bxd5 Nxd5 16. Qe4 Nxf4 17. Qxf4 Qd6 18. Ne5 O-O 19. Qe3 b5 20. a5 c5 $1 $36 {[%mdl 2048] Black fights for an advantage.} 21. f4 cxd4 $1 22. Rxd4 Qc5 23. b4 Qa7 24. h5 Rad8 25. c3 (25. Rhd1 {is interesting.} gxh5 26. c3 h4 27. Kc2 Rxd4 28. Rxd4 Qb7 29. Qd2) 25... Rxd4 26. Qxd4 Qxd4 27. cxd4 Bxe5 (27... gxh5 $15 28. Rxh5 Rd8) 28. dxe5 $11 gxh5 29. Rxh5 $15 {[%mdl 4096] Endgame KR-KR} Rd8 30. f5 Kg7 {Hoping for ...Rd4.} 31. fxe6 $1 fxe6 {Strongly threatening ...Rd4.} 32. Rh4 $1 Rd5 33. Re4 h5 34. Kc2 Kg6 35. Kc3 Kf5 36. Rh4 Kg5 37. Re4 (37. Rd4 $11 {remains equal.} Rxd4 38. Kxd4) 37... h4 $17 38. Kc2 (38. Re1 $142) 38... Rd7 39. Kc3 Rc7+ ({Black should try} 39... Rd8 $17 40. Re2 Rc8+ 41. Kb3 Kf4 42. Rf2+ Kxe5 43. Re2+ Kf5 44. Rf2+ Kg4) 40. Kd3 $1 $11 Rc1 41. Ke2 $1 Rb1 (41... Rc2+ {is more complex.} 42. Kf3 Rc3+ 43. Kf2 Rd3 44. Kf1 Rd2) 42. Kf2 Rb2+ 43. Kf3 Rb3+ 44. Kf2 h3 (44... Rd3 $15) 45. gxh3 {The position is equal.} Rxh3 46. Rd4 Rb3 47. Rd6 Kf5 {Accuracy: White = 82%, Black = 83%.} 1/2-1/2

[Event "Chesscup Rapid 2020"]
[Site "Katowice"]
[Date "2020.09.13"]
[Round "8.8"]
[White "Teclaf, Pawel"]
[Black "Goraj, Barbara"]
[Result "1-0"]
[WhiteElo "2464"]
[BlackElo "2078"]
[Annotator "TA"]
[PlyCount "127"]
[EventDate "2020.09.12"]
[EventType "swiss"]
[EventCountry "POL"]
[SourceTitle "playchess.com"]
[Source "ChessBase"]
[SourceQuality "1"]

{[%evp 18,127,23,8,1,8,8,23,22,11,13,0,28,20,33,0,0,0,0,-8,93,0,0,0,0,0,14,13,64,59,67,73,81,69,141,115,177,179,160,167,199,146,174,173,183,170,173,150,147,150,235,241,245,237,210,150,168,148,312,249,312,317,695,185,210,186,192,195,312,305,422,424,398,320,417,408,393,402,368,375,529,507,627,603,1230,1132,992,891,1626,1596,29972,29973,29973,29975,29984,29985,29985,29986,29986,29987,29987,29981,29981,29982,29982,29983,29983,29984,29984,29985,29985,29986]} 1. e4 c5 2. Nf3 Nc6 3. d4 cxd4 4. Nxd4 Nf6 5. Nc3 d6 6. Bc4 e6 7. Bb3 a6 8. Be3 Qc7 9. f4 Be7 10. Qf3 {10.0-0 is not played anymore.} Nxd4 {B88: Sicilian: Sozin Attack.} 11. Bxd4 b5 $1 12. O-O-O Bb7 {White has an edge.} 13. a3 O-O 14. g4 Nd7 15. f5 {[#]} Nc5 $146 {[%cal Rc5b3]} ({Predecessor:} 15... Rae8 16. Kb1 Kh8 17. Qg3 Bd8 18. Rdg1 Nc5 19. e5 d5 20. Qe3 Nd7 21. Rg3 exf5 22. gxf5 Nxe5 23. Nxd5 Bxd5 24. Bxd5 {½-½ (33) Abdulla,K (2141)-Tsatsalashvili,K (2326) Rijeka 2010}) 16. f6 Bxf6 17. Bxf6 gxf6 18. Kb1 Qc6 {[#]} (18... Qe7 $11 {keeps the balance.}) 19. Bd5 $1 {[%mdl 512]} Qc7 $11 (19... exd5 20. Nxd5) 20. Bxb7 Qxb7 21. Rhe1 Qe7 (21... Rfb8 {is interesting.} 22. Qxf6 b4 23. Nd5 bxa3 24. b3 Nxb3 25. Ka2 Nc1+) 22. Ne2 Nd7 ({Black should try} 22... Rfb8 $11) 23. Ng3 $14 {[%mdl 1024] White has compensation.} Kh8 24. Nh5 Rg8 25. Qf4 e5 (25... Rg6 $1 $14) 26. Qf5 Rg5 (26... Rg6 $16) 27. Qf3 $18 Qe6 28. h3 Rd8 29. Qe3 (29. Re3 $18) 29... Nc5 30. Rd5 Qe7 31. Ng3 Ne6 32. Nf5 Qc7 33. Red1 Nd4 (33... Rd7 $16 {was called for.} 34. Qb3 Nd4 35. Nxd4 exd4) 34. Nxd4 exd4 35. Qxd4 Re5 36. g5 Rde8 37. Rxd6 Rxe4 $2 {This costs Black the game.} (37... fxg5 $16 38. Rd7 (38. Rxa6 Qc8 $16) 38... Qc5) 38. Qxf6+ Kg8 39. Rd8 ({Resist} 39. Rxa6 Re1 $18) ({Don't play} 39. Rd7 $6 Qc4 $18) 39... a5 $2 {[#]} (39... R4e6 40. Rxe8+ (40. R1d7 Qxd7 41. Rxd7 Rxf6 $14) 40... Rxe8 41. Qxa6 Rc8) 40. R8d7 $2 (40. g6 $1 {[%mdl 512] Threatening mate with R8d7!} hxg6 (40... fxg6 41. R8d7) 41. R1d4 Re1+ 42. Ka2) 40... Qc4 41. b3 Qe6 42. Rd8 $40 {[%mdl 128] Strongly threatening Rxe8+. Black is in trouble.} Qxh3 (42... Qxf6 $142 43. gxf6 h6 44. Rxe8+ Rxe8) 43. R1d7 Qh1+ 44. Kb2 Qh5 45. Rd5 {aiming for g6.} Qg6 46. Qxg6+ hxg6 47. Rxe8+ Rxe8 48. Rxb5 {[%mdl 4096] Endgame KR-KR} Ra8 (48... f5 {is a better defense.} 49. Rxa5 Re6) 49. b4 axb4 50. axb4 {[%cal Ba3b4,Bb4b5,Bb5b6][%mdl 32]} Kg7 51. Rb7 Re8 52. Rc7 Re3 53. c4 Kf8 54. b5 {White mates.} Ke8 55. b6 Re6 56. c5 Kd8 57. Rxf7 Kc8 58. Kc3 Re5 59. c6 Rc5+ 60. Kd4 {[%cal Rf7f8]} Rxc6 {[#]} 61. Rc7+ $1 {[%mdl 576] Promotion} Rxc7 62. bxc7 Kxc7 63. Ke5 Kd7 64. Kf6 {Accuracy: White = 79%, Black = 50%.} 1-0

[Event "Chesscup Rapid 2020"]
[Site "Katowice"]
[Date "2020.09.13"]
[Round "8.9"]
[White "Grochol, Kamil"]
[Black "Barski, Radoslaw"]
[Result "0-1"]
[WhiteElo "1945"]
[BlackElo "2446"]
[Annotator "TA"]
[PlyCount "64"]
[EventDate "2020.09.12"]
[EventType "swiss"]
[EventCountry "POL"]
[SourceTitle "playchess.com"]
[Source "ChessBase"]
[SourceQuality "1"]

{[%evp 9,64,-7,-2,-8,38,41,37,48,41,43,89,99,130,61,90,14,17,-111,-87,-170,87,72,146,83,212,206,188,201,195,129,212,-182,-195,-231,-236,-266,-255,-235,-238,-434,-437,-858,-833,-2884,-2766,-2705,-2700,-2145,-1819,-29982,-29981,-29980,-29976,-29997,-29998,-29998,-29999]} 1. d4 Nf6 2. Bf4 g6 3. Nc3 d5 4. e3 Bg7 5. h4 c6 6. Be2 {A45: Trompowsky Attack.} b5 7. h5 {[#]} O-O $146 ({Predecessor:} 7... b4 8. Na4 gxh5 9. Bxh5 Bf5 10. Be2 Nbd7 11. Nf3 Qa5 12. b3 c5 13. Ne5 cxd4 {1-0 (22) Gitelson,A (2210)-Cervantes Landeiro,T (2311) chess.com INT 2020}) 8. hxg6 {White is slightly better.} fxg6 9. Nf3 b4 10. Na4 Ne4 11. Bd3 (11. c4 $16) 11... Bg4 12. Qc1 (12. c4 $16) 12... Nd7 $11 13. Bxe4 (13. a3 $1 $11) 13... dxe4 $17 14. Ng5 (14. Nh2 $17 Bf5 15. a3) 14... Nf6 $2 (14... Qa5 $19 {Strongly threatening ...e5.} 15. b3 e5 16. dxe5 Nxe5) 15. Nc5 $16 Qc8 (15... Qd5 $142) 16. Ngxe4 (16. Qd2 $142) 16... Nd5 (16... Nxe4 $16 {was called for.} 17. Nxe4 c5) 17. Bg3 $18 Qf5 18. c4 bxc3 19. Nxc3 ({Better is} 19. bxc3 $18 Nf6 20. Nxf6+ Qxf6 21. Rb1) 19... Nb4 {[#]} (19... Rad8 $16 {is a better defense.} 20. N3e4 e5) 20. a3 $4 {[%mdl 8192]} (20. O-O $1 $18 {and all is fine.}) 20... Nc2+ $19 {[%mdl 64] Double Attack} 21. Kd2 Nxa1 22. Qxa1 e5 23. Qa2+ Kh8 24. d5 $2 (24. dxe5 Bxe5 25. Bxe5+ Qxe5 26. N5e4) 24... cxd5 {[%mdl 64] Overworked Piece} 25. Nxd5 (25. Ke1 $142 Rfc8 26. Qxd5) 25... e4 26. Nf4 Rad8+ 27. Ncd3 Rxd3+ 28. Nxd3 Rd8 {[%mdl 64] Pin} 29. Kc1 exd3 {[%cal Rd3d2] Black mates.} 30. Kd2 Qc5 31. Rc1 {[#]} Qxc1+ $1 {[%mdl 576] Promotion} 32. Kxc1 d2+ {Accuracy: White = 34%, Black = 51%.} 0-1

[Event "Chesscup Rapid 2020"]
[Site "Katowice"]
[Date "2020.09.13"]
[Round "8.10"]
[White "Szczurek, Krzysztof"]
[Black "Herwy, Jakub"]
[Result "1-0"]
[WhiteElo "2031"]
[BlackElo "1754"]
[Annotator "TA"]
[PlyCount "79"]
[EventDate "2020.09.12"]
[EventType "swiss"]
[EventCountry "POL"]
[SourceTitle "playchess.com"]
[Source "ChessBase"]
[SourceQuality "1"]

{[%evp 16,79,45,36,63,-25,4,-22,13,0,48,24,26,19,111,106,207,150,160,158,164,145,194,199,259,264,306,307,282,317,473,468,1070,1066,1191,1197,1115,1051,12830,9672,1793,1062,1044,867,1226,1361,1253,1021,1888,1845,1576,598,1504,1478,29988,12843,29986,29987,29987,29988,29988,29989,29989,29990,29990,29991]} 1. e4 c5 2. c3 Nf6 3. e5 Nd5 4. d4 cxd4 5. cxd4 Nc6 6. Nc3 Nxc3 7. bxc3 d5 8. exd6 Qxd6 9. Nf3 e5 {[#] B22: Sicilian: 2 c3.} 10. dxe5 $146 (10. d5 $14 Nb8 11. Bb5+ Nd7 12. O-O) ({Predecessor:} 10. Qe2 Bg4 11. dxe5 Qd5 12. Bf4 O-O-O 13. h3 Bxf3 14. Qxf3 Qxf3 15. gxf3 Ba3 16. Rb1 Nxe5 17. Bxe5 Rhe8 18. f4 f6 19. Bg2 b6 20. O-O fxe5 21. fxe5 Rxe5 22. Rfe1 Rde8 23. Kf1 Bc5 24. Rbd1 {½-½ (25) Rogers,T (2046)-Viudes Serra,A (1818) London 2014}) 10... Qxd1+ $11 11. Kxd1 Bg4 {The position is equal.} 12. Kc2 O-O-O 13. Bf4 Bc5 14. Bd3 Bxf3 (14... Bxf2 $11 15. Raf1 Bb6) 15. gxf3 $16 b6 (15... g6 $16 {was called for.}) 16. Rhf1 Rhe8 17. Rae1 Kb7 18. Be4 ({Inferior is} 18. Bxh7 g6 $15) 18... Rd7 19. Bxh7 g6 {[#]} (19... b5 {was worth a try.} 20. a4 b4) 20. e6 $1 $18 {[%cal Re6d7]} Rxe6 21. Rxe6 fxe6 22. Bxg6 Rg7 (22... e5 $142) 23. Be4 Rg2 (23... Rf7 $142 24. Bg3 b5) 24. Bg3 e5 25. f4 exf4 26. Bxg2 fxg3 27. fxg3 {[%mdl 4096] Endgame KRB-KBN} Kc7 28. Rf7+ Ne7 29. h4 Kd6 30. h5 Ke6 31. Rf1 Ng8 32. g4 Be7 33. Kd3 Nf6 34. Bh3 Nd5 35. h6 (35. g5+ $142 Ke5 36. Rf5+ Kd6 37. h6 Bxg5 38. h7 Nf4+ {[#]} 39. Rxf4 $1 {[%mdl 576] Promotion} Bxf4 40. h8=Q) 35... Bd6 36. g5+ {White mates.} Ke7 37. h7 Be5 {[#]} 38. Re1 $1 Nf4+ 39. Kc2 Ng6 {[#]} 40. Rxe5+ $1 {Accuracy: White = 67%, Black = 29%.} 1-0

[Event "Chesscup Rapid 2020"]
[Site "Katowice"]
[Date "2020.09.13"]
[Round "9.1"]
[White "Miton, Kamil"]
[Black "Socko, Bartosz"]
[Result "1/2-1/2"]
[WhiteElo "2590"]
[BlackElo "2601"]
[Annotator "TA"]
[PlyCount "40"]
[EventDate "2020.09.12"]
[EventType "swiss"]
[EventCountry "POL"]
[SourceTitle "playchess.com"]
[Source "ChessBase"]
[SourceQuality "1"]

{[%evp 11,40,0,5,0,14,0,14,16,23,22,41,45,46,36,53,49,54,29,42,30,36,27,30,27,40,0,0,0,0,0,0]} 1. d4 Nf6 2. c4 e6 3. g3 d5 4. Bg2 Bb4+ 5. Bd2 Be7 6. Nf3 c6 7. Qb3 {E11: Bogo-Indian.} Nbd7 8. O-O b6 9. cxd5 cxd5 10. Rc1 {[#]} Ba6 $146 ({Predecessor:} 10... Bb7 11. Bb4 Bxb4 12. Qxb4 Qe7 13. Qa4 Qd6 14. Na3 a6 15. Nc2 O-O 16. Nb4 Rfc8 {½-½ (25) Andersson,U (2605)-Seirawan,Y (2605) Tilburg 1992}) 11. Nc3 O-O 12. Nb5 Bxb5 13. Qxb5 Ne4 14. Be1 a6 15. Qc6 Nd6 16. e3 Rc8 17. Qa4 b5 18. Qxa6 Ra8 $1 {[%cal Ra8a6] The position is equal.} 19. Qc6 Rc8 20. Qa6 Ra8 $1 {Accuracy: White = 84%, Black = 100%.} 1/2-1/2

[Event "Chesscup Rapid 2020"]
[Site "Katowice"]
[Date "2020.09.13"]
[Round "9.2"]
[White "Jakubowski, Krzysztof"]
[Black "Kuzmicz, Krystian"]
[Result "1/2-1/2"]
[WhiteElo "2481"]
[BlackElo "2468"]
[Annotator "TA"]
[PlyCount "70"]
[EventDate "2020.09.12"]
[EventType "swiss"]
[EventCountry "POL"]
[SourceTitle "playchess.com"]
[Source "ChessBase"]
[SourceQuality "1"]

{[%evp 9,70,3,5,-9,-9,-4,23,6,12,0,18,12,19,19,31,19,19,0,31,6,41,0,27,37,29,26,51,52,51,51,51,51,51,51,51,51,58,47,47,45,74,66,68,62,109,97,114,109,106,91,109,97,113,81,143,0,0,0,143,0,0,0,144]} 1. d4 e6 2. Nf3 Nf6 3. Bf4 b6 4. e3 Bb7 5. h3 c5 6. Be2 {A47: 1 d4 Nf6 2 Nf3 b6: Torre, London and Colle Systems.} Nc6 7. O-O Be7 8. c3 {White has an edge.} O-O 9. Nbd2 d6 10. Re1 Re8 {[#]} 11. a3 $146 ({Predecessor:} 11. Bf1 Bf8 12. Bh2 Rc8 13. Rc1 a6 14. a4 Na7 15. Nc4 cxd4 16. exd4 b5 17. axb5 axb5 {0-1 (71) Recuero Guerra,J (2296)-Del Rio de Angelis,S (2502) Gijon 2011}) 11... h6 12. Bh2 d5 13. b4 Nd7 14. Rb1 Qc8 15. Qa4 cxd4 16. cxd4 a6 17. Qc2 Nce5 18. Qb3 Nxf3+ 19. Nxf3 {Threatens to win with Rec1.} Bc6 20. a4 {[%cal Ba3a4,Ba4a5][%mdl 32]} b5 21. a5 Qb7 22. Rec1 Rec8 23. Ne1 Nf6 24. Nd3 Be8 25. Rxc8 Rxc8 26. Nc5 Bxc5 27. dxc5 Bc6 28. Bf1 Re8 29. Qb2 Nd7 30. Bd6 e5 31. Rd1 Re6 ({Black should play} 31... e4) 32. Qe2 (32. f3 $16) 32... Nf6 $1 $11 33. Qb2 ({Better is} 33. f4 $11) 33... Nd7 $16 34. Qe2 (34. f3 $16) 34... Nf6 $1 $11 35. Qb2 (35. f4 $11) 35... Nd7 {Accuracy: White = 80%, Black = 70%.} 1/2-1/2